İnsan hakları laiklik demokrasi yolunda (Record no. 11763)

MARC details
000 -BAŞLIK
Sabit Uzunlukta Kontrol Alanı 00795na a2200265 4500
001 - KONTROL NUMARASI
Denetim Alanı 24634
003 - KONTROL NUMARASI IDENTIFIER
Denetim Alanı MIRAKIL
005 - SON İŞLEM TARİHİ VE ZAMANI
Denetim Alanı 20181226104233.0
008 - SABİT-BOY VERİ ELEMANLARI - GENEL BİLGİLER
Sabit Uzunlukta Kontrol Alanı 181221b tu 000 0
020 ## - ULUSLARARASI STANDART KİTAP NUMARASI
Uluslararası Standart Kitap Numarası 9754944482
035 ## - SİSTEM KONTROL NUMARASI
Sistem Kontrol Numarası 15722
082 ## - DEWEY ONLU SINIFLANDIRMA NUMARASI
Sınıflandırma Numarası 323
Ürün Numarası Ö92i 1994
090 ## - SINIFLAMA NUMARASI
Sınıflama Numarası 323 Ö92i 1994
100 ## - ANA GİRİŞ - KİŞİSEL İSİM
Kişisel Ad Özden, Yekta Güngör
245 ## - BAŞLIK TABLOSU
Başlık İnsan hakları laiklik demokrasi yolunda
Sorumluluk Tablosu, Vb Yekta Güngör Özden
260 ## - YAYIN, DAĞITIM, VB
Yayın, Dağıtım, Vb Yeri Ankara
Yayıncı, Dağıtıcı, Vs Adı Bilgi
Yayın, Dağıtım, Vb Tarihi 1994
300 ## - FİZİKSEL TANIM
Kapsam 524 s.
Boyutlar 20 sm.
490 ## - SERİSİ TABLOSU
Seri Beyanı Bilgi dizisi
Hacim / Ardışık Tanımı 2
490 ## - SERİSİ TABLOSU
Seri Beyanı Bilgi yayınları
Hacim / Ardışık Tanımı 75
650 ## - KONU KATMA GİRİŞ - TOPİKAL DÖNEM
Topikal Süreli Veya Coğrafi Ad Giriş Elemanı İnsan hakları
Genel Alt Bölümü Hukuk
Kronolojik Alt Bölümü Derlemeler
Coğrafi Alt Bölümü Türkiye
650 ## - KONU KATMA GİRİŞ - TOPİKAL DÖNEM
Topikal Süreli Veya Coğrafi Ad Giriş Elemanı İnsan hakları
Genel Alt Bölümü Demokrasi
Kronolojik Alt Bölümü Derlemeler
Coğrafi Alt Bölümü Türkiye
650 ## - KONU KATMA GİRİŞ - TOPİKAL DÖNEM
Topikal Süreli Veya Coğrafi Ad Giriş Elemanı İnsan hakları
Genel Alt Bölümü Laiklik
Kronolojik Alt Bölümü Derlemeler
Coğrafi Alt Bölümü Türkiye
942 ## - EKLENDİ GİRİŞ ELEMANLARI (KOHA)
Sınıflandırma Veya Raf Düzeni Kaynak Dewey Decimal Classification
Koha Öğesi Türü Books
040 ## - KATALOGLAMA KAYNAK
Orijinal Kataloglama Ajansı Milas
Kataloglama Dili tur
Metne Dönüştürmek Ajansı TR-AnCHP
999 ## - SİSTEM KONTROL NUMARALARI (KOHA)
Koha Biblionumber 11763
Koha Biblioitemnumber 11763
Holdings
Kalıcı Konum Mevcut Konum Edinme Tarihi Toplam Check-Out'Lar Tam Çağrı Numarası Barkod Tarih Son Görülme İtibaren Geçerli Fiyatlar Koha Öğesi Türü
Parti Okulu Kütüphanesi Parti Okulu Kütüphanesi 02/25/2019   323 Ö92i 1994 P00324 02/25/2019 02/25/2019 Books